[Event "Remote Pyramide email"]
[Site "Remote email"]
[Date "2013.08.03"]
[Round "?"]
[White "Mahling, Thomas"]
[Black "Class, Wolfgang"]
[Result "1/2-1/2"]
[WhiteElo "2566"]
[BlackElo "2451"]
[PlyCount "87"]
[EventDate "2013.??.??"]
[EventType "tourn (corr)"]
[EventRounds "6"]
[EventCountry "GER"]
[SourceTitle "Corr 2015"]
[Source "ChessBase"]
[SourceDate "2015.07.17"]
[SourceVersion "1"]
[SourceVersionDate "2015.07.17"]
[SourceQuality "1"]

1. d4 d5 2. Nf3 Nf6 3. c4 e6 4. Nc3 Be7 5. Bf4 0-0 6. e3 Nbd7 7. Be2 dxc4 8. Bxc4 a6 9. a4 c5 10. 0-0 cxd4 11. Qxd4 Nb6 12. Bb3 Qxd4 13. Nxd4 Bd7 14. a5 Nbd5 15. Nf5 Bb4 16. Nxd5 Nxd5 17. Bd6 Bxd6 18. Nxd6 Bc6 19. e4 Ne7 20. f3 Rfd8 21. Rfd1 Rd7 22. Nc4 Rxd1+ 23. Rxd1 Bb5 24. Nb6 Rb8 25. Bc4 Be8 26. Bf1 Nc6 27. Nc4 Kf8 28. f4 Ke7 29. Rd3 f6 30. Rg3 Kf8 31. e5 fxe5 32. fxe5 Bg6 33. Rb3 Ke7 34. g3 Be4 35. Nd6 Nd4 36. Rb6 Bd5 37. Bxa6 Nf3+ 38. Kf2 Nxe5 39. Bb5 Nc6 40. Bxc6 Bxc6 41. Nc4 Bd5 42. Ne3 Be4 43. Nc4 Bd5 44. Ne3 1/2-1/2

[Event "Remote S7 Top 69 email"]
[Site "Remote email"]
[Date "2013.07.01"]
[Round "?"]
[White "Leisebein, Peter"]
[Black "Mahling, Thomas"]
[Result "0-1"]
[WhiteElo "2453"]
[BlackElo "2566"]
[PlyCount "94"]
[EventDate "2013.??.??"]
[EventType "tourn (corr)"]
[EventRounds "6"]
[EventCountry "GER"]
[SourceTitle "Corr 2015"]
[Source "ChessBase"]
[SourceDate "2015.07.17"]
[SourceVersion "1"]
[SourceVersionDate "2015.07.17"]
[SourceQuality "1"]

1. d4 Nf6 2. f3 d5 3. e4 dxe4 4. Nc3 exf3 5. Nxf3 a6 6. Bg5 h6 7. Bxf6 exf6 8. Bd3 Be7 9. Qe2 0-0 10. 0-0-0 f5 11. Bc4 Nc6 12. a3 Bd6 13. Kb1 Re8 14. Qd3 Bd7 15. Rhf1 Rb8 16. Bd5 b5 17. Bxc6 Bxc6 18. Qxf5 b4 19. axb4 Bxb4 20. Qd3 Re6 21. Ne5 Bxc3 22. Qxc3 Bxg2 23. Rg1 Bd5 24. Kc1 Reb6 25. Qh3 Qf8 26. Nd7 Be6 27. Qxe6 Rxe6 28. Nxf8 Kxf8 29. Rd3 Rbe8 30. Rc3 R8e7 31. d5 Rd6 32. Rc5 g5 33. h4 f6 34. c4 Kf7 35. Kd2 Kg6 36. Re1 Rf7 37. b4 g4 38. Ke3 Re7+ 39. Kd2 Rg7 40. Ke3 f5 41. Kf4 Kh5 42. Rc6 Rxc6 43. dxc6 g3 44. Kf3 f4 45. Rh1 Rg6 46. b5 axb5 47. cxb5 Rg8 0-1

[Event "Remote S7 Top 68 email"]
[Site "Remote email"]
[Date "2013.03.30"]
[Round "?"]
[White "Leisebein, Peter"]
[Black "Mahling, Thomas"]
[Result "0-1"]
[WhiteElo "2445"]
[BlackElo "2560"]
[PlyCount "90"]
[EventDate "2013.??.??"]
[EventType "tourn (corr)"]
[EventRounds "6"]
[EventCountry "GER"]
[SourceTitle "Corr 2015"]
[Source "ChessBase"]
[SourceDate "2015.07.17"]
[SourceVersion "1"]
[SourceVersionDate "2015.07.17"]
[SourceQuality "1"]

1. d4 d5 2. e4 dxe4 3. Nc3 Nf6 4. f3 exf3 5. Nxf3 a6 6. Bg5 h6 7. Be3 Bf5 8. Ne5 e6 9. Qf3 Nd5 10. Bc4 Nxe3 11. Qxe3 Nc6 12. Nxc6 bxc6 13. Qf3 Qd6 14. 0-0-0 Rb8 15. Ne4 Qb4 16. Bb3 Qb6 17. g4 Bg6 18. Nd2 Bd6 19. Rhe1 Qb5 20. a4 Qg5 21. Qxc6+ Kf8 22. Kb1 Qxg4 23. Nc4 Bxh2 24. Ka2 Kg8 25. Rd2 Bg3 26. Rg2 Qf4 27. Re3 Rb6 28. Qf3 Rxb3 29. Kxb3 Qxf3 30. Rxf3 Bh4 31. Rc3 h5 32. Rh2 Bd8 33. Nd2 Kh7 34. Rc6 Bf6 35. Kc4 h4 36. Rxc7 Bf5 37. Rxf7 Kg6 38. Rc7 Kh5 39. c3 g5 40. Rf7 Kg6 41. Ra7 g4 42. Rh1 Bg5 43. Nf1 Rc8+ 44. Kb3 Rb8+ 45. Kc4 Rxb2 0-1

[Event "Remote S7 Top 64 email"]
[Site "Remote email"]
[Date "2012.10.01"]
[Round "?"]
[White "Moyses, Michael"]
[Black "Mahling, Thomas"]
[Result "1/2-1/2"]
[WhiteElo "2443"]
[BlackElo "2539"]
[PlyCount "58"]
[EventDate "2012.??.??"]
[EventType "tourn (corr)"]
[EventRounds "6"]
[EventCountry "GER"]
[SourceTitle "Corr 2015"]
[Source "ChessBase"]
[SourceDate "2015.07.17"]
[SourceVersion "1"]
[SourceVersionDate "2015.07.17"]
[SourceQuality "1"]

1. e4 c5 2. Nf3 Nc6 3. d4 cxd4 4. Nxd4 Nf6 5. Nc3 e5 6. Ndb5 d6 7. Bg5 a6 8. Na3 b5 9. Bxf6 gxf6 10. Nd5 f5 11. c4 Bg7 12. cxb5 Nd4 13. Bd3 Be6 14. 0-0 Bxd5 15. exd5 e4 16. Be2 Rg8 17. Nc2 Nxe2+ 18. Qxe2 axb5 19. Nb4 Be5 20. g3 Kf8 21. Qxb5 f4 22. Nc6 Qg5 23. Qb7 Re8 24. Rac1 Kg7 25. Nxe5 Rxe5 26. Qb4 f3 27. h4 Qf5 28. Kh2 h5 29. Qxd6 e3 1/2-1/2

[Event "Remote S7 Top 62 email"]
[Site "Remote email"]
[Date "2012.08.14"]
[Round "?"]
[White "Mahling, Thomas"]
[Black "Scherer, Andreas"]
[Result "1/2-1/2"]
[WhiteElo "2514"]
[BlackElo "2457"]
[PlyCount "53"]
[EventDate "2012.??.??"]
[EventType "tourn (corr)"]
[EventRounds "6"]
[EventCountry "GER"]
[SourceTitle "Corr 2015"]
[Source "ChessBase"]
[SourceDate "2015.07.17"]
[SourceVersion "1"]
[SourceVersionDate "2015.07.17"]
[SourceQuality "1"]

1. e4 e6 2. d4 d5 3. Nc3 Nf6 4. e5 Nfd7 5. f4 c5 6. Nf3 Nc6 7. Be3 Qb6 8. Na4 Qa5+ 9. c3 c4 10. b4 Qc7 11. Be2 Be7 12. 0-0 b5 13. Nc5 a5 14. a3 Nxc5 15. bxc5 Rb8 16. Bd2 b4 17. axb4 axb4 18. cxb4 Nxb4 19. Bc3 Nc6 20. Qd2 0-0 21. Bd1 Bd7 22. Bc2 Ra8 23. g4 Rxa1 24. Rxa1 Qb7 25. Rb1 Qc7 26. Ra1 Qb7 27. Rb1 1/2-1/2

[Event "Remote S7 Top 66 email"]
[Site "Remote email"]
[Date "2012.08.01"]
[Round "?"]
[White "Heinrich, Olaf Wittmund"]
[Black "Mahling, Thomas"]
[Result "0-1"]
[WhiteElo "2393"]
[BlackElo "2539"]
[PlyCount "80"]
[EventDate "2012.??.??"]
[EventType "tourn (corr)"]
[EventRounds "6"]
[EventCountry "GER"]
[SourceTitle "Corr 2015"]
[Source "ChessBase"]
[SourceDate "2015.07.17"]
[SourceVersion "1"]
[SourceVersionDate "2015.07.17"]
[SourceQuality "1"]

1. e4 c5 2. Nf3 Nc6 3. d4 cxd4 4. Nxd4 Nf6 5. Nc3 e5 6. Ndb5 d6 7. Bg5 a6 8. Na3 b5 9. Nd5 Be7 10. Bxf6 Bxf6 11. c3 0-0 12. Nc2 Bg5 13. a4 bxa4 14. Rxa4 a5 15. Bc4 Rb8 16. b3 Kh8 17. Nce3 g6 18. Qd3 f5 19. 0-0 Be6 20. Rd1 Qd7 21. f3 f4 22. Nc2 Bd8 23. Na3 g5 24. Kh1 g4 25. fxg4 Bxg4 26. Rf1 Be6 27. Nb5 Rg8 28. Ra2 Rg6 29. Rfa1 Rh6 30. Rd2 Bh4 31. Kg1 Rg8 32. Rf1 Qg7 33. Nb6 Rg6 34. Qc2 Bd8 35. Na4 d5 36. Bxd5 Bxd5 37. exd5 Ne7 38. Qe4 Nf5 39. Rff2 Nh4 40. Kf1 Rg4 0-1

[Event "Remote S7 Top 64 email"]
[Site "Remote email"]
[Date "2012.07.31"]
[Round "?"]
[White "Heinrich, Olaf Wittmund"]
[Black "Mahling, Thomas"]
[Result "0-1"]
[WhiteElo "2393"]
[BlackElo "2539"]
[PlyCount "94"]
[EventDate "2012.??.??"]
[EventType "tourn (corr)"]
[EventRounds "6"]
[EventCountry "GER"]
[SourceTitle "Corr 2015"]
[Source "ChessBase"]
[SourceDate "2015.07.17"]
[SourceVersion "1"]
[SourceVersionDate "2015.07.17"]
[SourceQuality "1"]

1. e4 c5 2. Nf3 Nc6 3. d4 cxd4 4. Nxd4 Nf6 5. Nc3 e5 6. Ndb5 d6 7. Bg5 a6 8. Na3 b5 9. Nd5 Be7 10. Bxf6 Bxf6 11. c3 0-0 12. Nc2 Bg5 13. a4 bxa4 14. Rxa4 a5 15. Bc4 Rb8 16. b3 Kh8 17. Nce3 g6 18. Qd3 f5 19. 0-0 Be6 20. Rd1 Qd7 21. f3 f4 22. Nc2 Bd8 23. Na3 g5 24. Kh1 g4 25. fxg4 Bxg4 26. Rf1 Be6 27. Nb5 Na7 28. Nxa7 Qxa7 29. Rfa1 Qg7 30. b4 Qh6 31. Qf3 Bh4 32. Kg1 Rg8 33. Be2 Rg6 34. Rxa5 Rbg8 35. Ra8 Bd8 36. Bf1 Bxd5 37. Rxd8 Rxd8 38. exd5 Rdg8 39. b5 Qh4 40. b6 Rh6 41. h3 Qxh3 42. Qxh3 Rxh3 43. b7 Rxc3 44. Rb1 Rb8 45. Ba6 Rc7 46. Rb6 Rd7 47. Kf2 Kg7 0-1

[Event "Remote S7 Top 62 email"]
[Site "Remote email"]
[Date "2012.04.14"]
[Round "?"]
[White "Mahling, Thomas"]
[Black "Faber, Hans Alban"]
[Result "1-0"]
[WhiteElo "2514"]
[BlackElo "2464"]
[PlyCount "53"]
[EventDate "2012.??.??"]
[EventType "tourn (corr)"]
[EventRounds "6"]
[EventCountry "GER"]
[SourceTitle "Corr 2015"]
[Source "ChessBase"]
[SourceDate "2015.07.17"]
[SourceVersion "1"]
[SourceVersionDate "2015.07.17"]
[SourceQuality "1"]

1. e4 d6 2. d4 g6 3. Nc3 Bg7 4. f4 Nf6 5. Nf3 0-0 6. Bd3 Nc6 7. e5 dxe5 8. fxe5 Nd7 9. Ne4 Nb4 10. Bc4 Nb6 11. Bb3 Nc6 12. c3 Na5 13. Bc2 f6 14. Qe2 Be6 15. h4 fxe5 16. h5 exd4 17. hxg6 hxg6 18. Bh6 Bc4 19. Qd2 Rxf3 20. gxf3 Qf8 21. 0-0-0 Nc6 22. Bxg7 Qxg7 23. Ng5 d3 24. Rh7 Qxh7 25. Nxh7 Kxh7 26. Bb1 Rd8 27. b3 1-0

[Event "Remote S7 Top 62 email"]
[Site "Remote email"]
[Date "2012.04.14"]
[Round "?"]
[White "Pirs, Matjaz"]
[Black "Mahling, Thomas"]
[Result "1/2-1/2"]
[WhiteElo "2575"]
[BlackElo "2514"]
[PlyCount "63"]
[EventDate "2012.??.??"]
[EventType "tourn (corr)"]
[EventRounds "6"]
[EventCountry "GER"]
[SourceTitle "Corr 2015"]
[Source "ChessBase"]
[SourceDate "2015.07.17"]
[SourceVersion "1"]
[SourceVersionDate "2015.07.17"]
[SourceQuality "1"]

1. e4 c5 2. Nc3 Nc6 3. Bb5 Nd4 4. Bc4 e6 5. Nge2 Nf6 6. 0-0 a6 7. a3 d5 8. exd5 exd5 9. Ba2 Nxe2+ 10. Qxe2+ Be7 11. d3 Be6 12. f4 Qd7 13. Bd2 d4 14. Bxe6 Qxe6 15. Qxe6 fxe6 16. Nd1 Kf7 17. b3 b5 18. Re1 Rhc8 19. Nb2 h5 20. Re2 g6 21. g3 Nd5 22. Kg2 h4 23. a4 Bf6 24. Kf3 Be7 25. Rae1 Rc6 26. Kg4 Bf6 27. Ra1 Rcc8 28. Rae1 Rc6 29. Ra1 Rcc8 30. Kf3 Be7 31. Rae1 Rc6 32. Ra1 1/2-1/2

[Event "GER rap6 FSM/V04 email"]
[Site "GER email"]
[Date "2011.12.19"]
[Round "?"]
[White "Mahling, Thomas"]
[Black "Betker, Joerg"]
[Result "1/2-1/2"]
[WhiteElo "2275"]
[BlackElo "2250"]
[PlyCount "31"]
[EventDate "2011.12.28"]
[EventType "tourn (corr)"]
[EventRounds "4"]
[EventCountry "GER"]
[SourceTitle "Corr 2015"]
[Source "ChessBase"]
[SourceDate "2015.07.17"]
[SourceVersion "1"]
[SourceVersionDate "2015.07.17"]
[SourceQuality "1"]
[WhiteTeam "Germany"]
[BlackTeam "Germany"]
[WhiteTeamCountry "GER"]
[BlackTeamCountry "GER"]

1. d4 Nf6 2. c4 c5 3. d5 e6 4. Nc3 exd5 5. cxd5 d6 6. Nf3 g6 7. Nd2 Bg7 8. e4 0-0 9. Be2 Na6 10. 0-0 Ne8 11. Re1 f5 12. exf5 Bxf5 13. Nc4 Nb4 14. Ne3 Bd4 15. Rf1 Bd7 16. Bf3 1/2-1/2

[Event "GER rap5 FSM/F01 email"]
[Site "GER email"]
[Date "2011.08.01"]
[Round "?"]
[White "Bendig, Frank"]
[Black "Mahling, Thomas"]
[Result "1/2-1/2"]
[WhiteElo "2051"]
[BlackElo "2275"]
[PlyCount "83"]
[EventDate "2011.08.08"]
[EventType "tourn (corr)"]
[EventRounds "4"]
[EventCountry "GER"]
[SourceTitle "Corr 2015"]
[Source "ChessBase"]
[SourceDate "2015.07.17"]
[SourceVersion "1"]
[SourceVersionDate "2015.07.17"]
[SourceQuality "1"]
[WhiteTeam "Germany"]
[BlackTeam "Germany"]
[WhiteTeamCountry "GER"]
[BlackTeamCountry "GER"]

1. d4 d5 2. Nc3 Nf6 3. Bg5 Nbd7 4. Qd3 h6 5. Bh4 c5 6. dxc5 e6 7. 0-0-0 Nxc5 8. Qd4 Be7 9. e4 dxe4 10. Bxf6 gxf6 11. Bb5+ Bd7 12. Bxd7+ Qxd7 13. Qxd7+ Nxd7 14. Nxe4 Nc5 15. Nc3 f5 16. Nge2 a6 17. Rhe1 Rd8 18. g3 Bf6 19. Rxd8+ Kxd8 20. b4 Nd7 21. Nd1 Kc7 22. Ne3 h5 23. h4 Bg7 24. c3 Bh6 25. f4 Nf6 26. a4 b6 27. Nc4 Ne4 28. Kc2 Bg7 29. Rd1 Rg8 30. a5 b5 31. Ne5 Nd6 32. Nf3 Re8 33. Ned4 Nc4 34. Rd3 Bxd4 35. Nxd4 Nd6 36. Kb1 Ne4 37. Kb2 Rd8 38. Kc2 Rg8 39. Ne2 Nd6 40. Nc1 Ne4 41. Ne2 Rg6 42. Kb2 1/2-1/2